00623nam a22002057a 450000500170000001000230001702000260004003500170006603500140008303700150009703700130011208200130012510000220013824501200016026000300028027000410031030000250035150000180037670000230039420170314110828.0 a1617EN ENG-116954 a9781138191341c895.00 aB-649681-689 aEN-100486 aDPLbUPPAL bDBAD/PUB a347.0954 aRanjan, Sudhanshu aJustics, judocracy and democracy in India:cby Sudhanshu Ranjan ; foreward by V.R.Iyear bboundaries and breaches / aNew YorkbRoutledgec2016 a711 third avenuebNew YorkeNY 10017 axxv,377p.c24cm(pbk) aincluds index aV.R.Krishna Iyear